Pourquoi l'ecole unique? / (Record no. 57989)

MARC details
000 -LEADER
campo de control de longitud fija 00560nam a2200181 i 4500
001 - NÚMERO DE CONTROL
campo de control 57989
003 - IDENTIFICADOR DE NÚMERO DE CONTROL
campo de control ES-MaACL
005 - FECHA Y HORA DE LA ÚLTIMA TRANSACCIÓN
campo de control 20250311121844.0
007 - CAMPO FIJO DE DESCRIPCIÓN FÍSICA--INFORMACIÓN GENERAL
campo de control de longitud fija t|
008 - DATOS DE LONGITUD FIJA--INFORMACIÓN GENERAL
campo de control de longitud fija 031020s1932 fr ||||1| fre d
100 1# - ENTRADA PRINCIPAL--NOMBRE DE PERSONA
Nombre de persona Ducos, Hippolyte.
9 (RLIN) 45847
245 10 - MENCIÓN DEL TÍTULO
Título Pourquoi l'ecole unique? /
Mención de responsabilidad, etc. par Hippolyte Ducos ; préface d'Edouard Herriot.
260 ## - PUBLICACIÓN, DISTRIBUCIÓN, ETC.
Lugar de publicación, distribución, etc. Paris :
Nombre del editor, distribuidor, etc. Fernand Nathan,
Fecha de publicación, distribución, etc. 1932 (
Fabricante Societe Generale d'imprimerie)
300 ## - DESCRIPCIÓN FÍSICA
Extensión 238 p. ;
Dimensiones 19 cm.
700 0# - ENTRADA AGREGADA--NOMBRE PERSONAL
Nombre de persona Herriot, Edouard,
Fechas asociadas al nombre 1872-1957
9 (RLIN) 63370
852 ## - LOCALIZACIÓN
Ubicación ES-MaACL
Número de control de estantería A-1287
Holdings
Estatus retirado Estado de pérdida Estado de daño No para préstamo Biblioteca de origen Biblioteca actual Ubicación en estantería Fecha de adquisición Fuente de adquisición Total de préstamos Signatura topográfica completa Código de barras Visto por última vez Precio de reemplazo Tipo de ítem Koha
        Biblioteca del Ateneo de Madrid Biblioteca del Ateneo de Madrid Sala Pecera Planta 1 17/01/2008     A-1287 1060861 23/02/2023 23/02/2023 Libro impreso